| 000 | 00984nam a22002531u 4500 | ||
|---|---|---|---|
| 001 | 12195 | ||
| 003 | HDC | ||
| 007 | cr bn --- | ||
| 008 | 210209p2002 my eng | ||
| 040 | _aHDC | ||
| 100 |
_aGuok, Hup Ping, _eauthor _912645 |
||
| 245 | 0 |
_aAnalysis of genotype x environment interaction in rice (MR 206 -219) / _cby Guok Hup Ping, Othman Omar, Alias Ismail, Azlan Shaari, Chen Yok Hwa, Hadzim Khalid and Lim Koon Hup |
|
| 260 |
_aSerdang : _bMalaysian Agricultural Research and Development Institute (MARDI), _c2002 |
||
| 300 | _a1 page | ||
| 336 |
_atext _2rdacontent |
||
| 337 |
_acomputer _2rdamedia |
||
| 338 |
_aonline resource _2rdacarrier |
||
| 650 |
_aCluster analysis _912647 |
||
| 650 |
_aPattern analysis _912646 |
||
| 856 | _zRequest full-text at [email protected] | ||
| 942 | _2lcc | ||
| 942 | _cAR | ||
| 942 | _kJART 003037 | ||
| 999 |
_c9518 _d9518 |
||